000 01062nam a2200277Ia 4500
003 OSt
005 20220923210933.0
006 a|||||r|||| 00| 0
007 ta
008 220922b |||||||| |||| 00| 0 hin d
020 _a8121402239 (hbk)
_c350
024 _a324,732
037 _b1293, 13/03/2018, Akshar Publishers & Distributors
_cTextual
040 _aARTS
_cARTS
_bhin
041 _2hin
_ahin
082 _aO152,1N177:g, P4
100 _aवर्मा, मोतीराम, ले.
_9156382
245 0 _aलक्षित मुक्तिबोध
246 _aLakṣhit muktibodha
260 _aनई दिल्ली
_b नेशनल पब्लिशिंग हाउस
_c2004
300 _a281पृ.
_ccm.
650 _a हिन्दी साहित्य
_9156264
650 _aहिन्दी कविता
_9156383
942 _hO152,1N177:g, P4
_cTEXL
_2CC
999 _c293052
_d293052